LEADER 01445nam a2200301 4500 001 000000362843 003 CaOOAMICUS 005 20250519145400.0 008 250519s2025 it 000 u ita r 020 $a978-88-922467-8-2 040 $aSeMil$bita 110 1 $aPontificia Academia Mariana Internationalis.$0(OLS)http://semarc/name/122050 245 10$aGiubileo :$bimmagini e segni /$cPontificia Academia Mariana Internationalis ; a cura di Giovanni Emidio Palaia. 264 1$aCinisello Balsamo :$bSan Paolo,$c2025. 300 $a586 p. ;$c21 cm 490 1 $aDimensioni dello spirito ;$v541 490 1 $aMariologia, persona, arte, cittą, cultura e salute ;$v1 650 4$aGiubilei.$0(OLS)http://semarc/subject/5075 700 1 $aPalaia, Giovanni Emidio.$0(OLS)http://semarc/name/108504 830 0$aMariologia, persona, arte, cittą, cultura e salute ;$v1.$0(OLS)http://semarc/title/453838 830 0$aDimensioni dello spirito ;$v541.$0(OLS)http://semarc/title/428593 850 $aSeMil 852 $aSeMil$W1$xVenegono$y1$m2J III 86$j257139$B253737$CSeMilBibl$Z2$F253737 $81 961 $aSandri don Adriano - Omaggio -- Con dedica dell'Autore 996 $6020$a978-88-922467-8-2$9(OLS)http://semarc/number/303197 996 $6245$aGiubileo :$bimmagini e segni$9(OLS)http://semarc/title/453831 996 $6264$aCinisello Balsamo :$bSan Paolo$9(OLS)http://semarc/publisher/30129 LEADER 01339nam a2200229 i 4500 001 000000027930 003 CaOOAMICUS 005 20230330121945.0 008 180830s1785 it u000 u ita u 040 $aSeMil$bita 100 1 $aPiselli, Clemente,$d<1650-1715>.$0(OLS)http://semarc/name/8633 245 10$aTheologiae moralis summa, in qua per traditas distinctiones, brevia, ac facilis firmantur theoremata ad quoslibet concientiae casus resolvendos accommodata. Auctore Clemente Piselli ab Olibano ... Pars 1. [-2.]. 260 $aVenetiis :$bEx Typographia Balleoniana,$c1785. 300 $a2 v. ;$c12°. 500 $aMarca non censita: Aquila bicipite con una corona tra le due teste. In una cornice vegetale. (Repertorio consultato : Marte, BNC Roma) 650 4$aTeologia morale.$0(OLS)http://semarc/subject/91 700 1 $aBaglioni,$c.$0(OLS)http://semarc/name/475 774 0 $tPars 1.$g1$w()50490 774 0 $tPars 2.$g2$w()218165 996 $6245$aTheologiae moralis summa, in qua per traditas distinctiones, brevia, ac facilis firmantur theoremata ad quoslibet concientiae casus resolvendos accommodata. Auctore Clemente Piselli ab Olibano ... Pars 1. [-2.]$9(OLS)http://semarc/title/37862 996 $6260$aVenetiis :$bEx Typographia Balleoniana$9(OLS)http://semarc/publisher/29933